000 00969nam a2200241Ia 4500
005 20250622124037.0
008 250617s9999||||xx |||||||||||||| ||ara||
017 _a2024/32119
_bمصر. دار الكتب
020 _a9789778995633
082 0 4 _a"371,33"
_bم ذ
100 0 _aمجدى صلاح طه المهدى
245 1 0 _aالذكاء الاصطناعى واستخداماته فى البحث العلمى التربوى /
_cمجدى صلاح طه المهدى
250 _aط1
260 3 _aالقاهرة :
_b"المركز الأكاديمى العربى للنشر والتوزيع،"
_c2025.
300 _a707ص ؛
_b
_c24سم.
650 _aالتخطيط التربوى
650 _aالتعليم
_x الذكاء الاصطناعى
650 _aالتعليم
_x مناهج
650 _aالتعليم
_x وسائل سمعية وبصرية
650 _aتكنولوجيا التعليم
942 _cBK
999 _c67665
_d67665